| 000 | 00652nam a2200241Ia 4500 | ||
|---|---|---|---|
| 003 | OSt | ||
| 005 | 20220924114119.0 | ||
| 006 | a|||||r|||| 00| 0 | ||
| 007 | ta | ||
| 008 | 220923b |||||||| |||| 00| 0 san d | ||
| 024 | _a247814 | ||
| 037 | _cTextual | ||
| 040 |
_aARTS _cARTS _bsan |
||
| 041 |
_2san _asan |
||
| 082 | _aO15,2D40:g, 152M6 | ||
| 100 |
_aYadav Baburam _9171920 |
||
| 245 | 0 | _aKalidas ke lalit prayog | |
| 260 |
_aAlighar _bVigyan Prakashan India _c1986 |
||
| 300 |
_a82p. _ccm. |
||
| 650 | _aSANSKRIT LITERATURE | ||
| 942 |
_hO15,2D40:g, 152M6 _cTEXL _2CC |
||
| 999 |
_c391967 _d391967 |
||